| 000 | 00536nam a22002057a 4500 | ||
|---|---|---|---|
| 003 | BD-DhUIB | ||
| 005 | 20260122185239.0 | ||
| 008 | 260122b |||||||| |||| 00| 0 eng d | ||
| 020 | _a9788119896356 | ||
| 040 |
_aBD-DhUIB _cBD-DhUIB |
||
| 050 | _a332.10954 | ||
| 082 | _222 | ||
| 100 |
_aMishkin, Frederic S. _91082 |
||
| 245 |
_aFinancial markets and institutions. _cby Frederic, S. Mishkin. |
||
| 250 | _a10th ed. | ||
| 260 |
_aIndia. _bPearson. _cc2024 |
||
| 300 |
_axxxvi,534p. _billus; _c24cm |
||
| 526 | _aBBA | ||
| 942 |
_2ddc _cBK |
||
| 999 |
_c690 _d690 |
||